| 000 | 01028nam a2200277 a 4500 | ||
|---|---|---|---|
| 001 | 85937 | ||
| 003 | BD-RjUL | ||
| 005 | 20251111124015.0 | ||
| 008 | 251111r20241999bg ||||| |||| 00| 0 ben d | ||
| 020 |
_a9844101514 : _cTk.450.00 |
||
| 035 | _a(BD-RjUL)85937 | ||
| 040 |
_aBD-RjUL _bben _cBD-RjUL _dBD-RjUL |
||
| 041 | _aben | ||
| 082 |
_223 _a190 _bISA 2024 |
||
| 100 | 1 |
_aইসলাম, আমিনুল _9127345 |
|
| 245 | 1 | 0 |
_aআধুনিক পাশ্চাত্য দর্শন / _cআমিনুল ইসলাম |
| 250 | _a৪র্থ সং. | ||
| 260 |
_aঢাকা : _bমাওলা ব্রাদার্স, _c১৯৯৯, [ মুদ্রণ২০২৪] |
||
| 300 |
_a৩৬৫ পৃ. ; _c২২ সেমি. |
||
| 500 | _aনির্ঘন্ট সংযুক্ত | ||
| 650 |
_aপাশ্চাত্য দর্শন _915315 |
||
| 650 |
_aWestern philosophy _915316 |
||
| 650 |
_aদর্শন _9127346 |
||
| 650 |
_aPhilosophy _9127347 |
||
| 942 |
_2ddc _cBK |
||
| 999 |
_c85937 _d85937 |
||